header

Multilevel models (Record no. 145390)

MARC details
000 -LEADER
fixed length control field 01474nam a2200385 a 4500
082 04 - DEWEY DECIMAL CLASSIFICATION NUMBER
Classification number 005.5/5
100 1# - MAIN ENTRY--AUTHOR NAME
Personal name Wang, Jichuan.
245 10 - TITLE STATEMENT
Title Multilevel models
260 ## - PUBLICATION, DISTRIBUTION, ETC. (IMPRINT)
Place of publication Berlin :
Name of publisher De Gruyter ;
Place of publication Boston :
Name of publisher Higher Education Press,
Year of publication c2012.
300 ## - PHYSICAL DESCRIPTION
Number of Pages ix, 264 p. :
Other physical details ill.
650 #0 - SUBJECT ADDED ENTRY--TOPICAL TERM
Topical Term Social sciences
Topical Term Multilevel models (Statistics)
700 1# - ADDED ENTRY--PERSONAL NAME
Personal name Xie, Haiyi.
Personal name Fischer, James H.
856 40 - ELECTRONIC LOCATION AND ACCESS
Uniform Resource Identifier http://site.ebrary.com/lib/rucke/Doc?id=10527876

No items available.

© 2026 Rongo University
Contact us: librarian | system librarian | Rongo university